Rozhodujúce trendy vo svetovom vývoji do roku 2010
Charakteristika rozhodujúcich trendov vývoja svetového hospodárstva do roku 2010. Proces koncentrácie. Diverzifikácia. Kooperatívna stratégia. Presmerovávanie tokov investícií vo svetovej ekonomike. Nové dimenzie trhov. Fenomén národnej klímy. Chudoba a nezamestnanosť. Kriminalizácia ekonomiky a spo...
Saved in:
| Main Author: | |
|---|---|
| Format: | Book Chapter |
| Language: | Slovak |
| Subjects: | |
| Tags: |
No Tags, Be the first to tag this record!
|
MARC
| LEADER | 00000naa a2200000 4500 | ||
|---|---|---|---|
| 001 | r034205 | ||
| 005 | 20230825101828.8 | ||
| 041 | 0 | |a slo | |
| 044 | |a SK | ||
| 245 | 1 | 0 | |a Rozhodujúce trendy vo svetovom vývoji do roku 2010 |c Jana Černá |
| 520 | |a Charakteristika rozhodujúcich trendov vývoja svetového hospodárstva do roku 2010. Proces koncentrácie. Diverzifikácia. Kooperatívna stratégia. Presmerovávanie tokov investícií vo svetovej ekonomike. Nové dimenzie trhov. Fenomén národnej klímy. Chudoba a nezamestnanosť. Kriminalizácia ekonomiky a spoločnosti. Regionalizácia. Megakonkurencia. Námety pre Slovensko k jednotlivým trendom. | ||
| 610 | 2 | 0 | |a hospodárstvo svetové |
| 610 | 2 | 0 | |a vývoj hospodársky |
| 610 | 2 | 0 | |a prognózy hospodárske |
| 610 | 2 | 0 | |a svet |
| 610 | 2 | 0 | |a 2010 |
| 610 | 2 | 0 | |a Slovensko |
| 610 | 2 | 0 | |a konkurencia |
| 610 | 2 | 0 | |a globalizácia hospodárstva |
| 100 | 1 | |a Černá, Jana | |